000 00463nam a2200181Ia 4500
001 21272
005 20260306172907.0
008 260306t2015||||xx |||||||||||||| ||spa||
041 _aESP
082 _a344.522
_bD31
100 _aD Ávila Lopes, Ana Maria
_eAUT
245 0 _aExploracao sexual de mulheres e criancas no turismo sexual
260 _c2015
300 _a416 páginas :
_c20 cm.
650 _aGEN
654 _aCDE
942 _cLIB
_dJUS
_fJUS
_2ddc
_n
999 _c21272
_d21272